000 00977nam a22003017a 4500
003 DO-SdBPM
005 20260318140241.0
007 ta
008 161122b1999 mx || |||| 00| 0 spa d
020 _a9681906624
040 _aDO-SdBPM
_bspa
_cBPMSU
_erda
082 0 4 _a843.91
_bB895h 1999
_222
100 _aBrunhoff, Jean, de
_d1899-1937.
_eautor
_4aut.
245 _aHistoria de Babar el elefantico /
_cJean de Brunhoff
264 _aMéxico :
_bAfaguara,
_c1999
300 _a49 páginas :
_bilustración :
_c20 cm
336 _atexto
_btxt
_2rdacontent
337 _asin mediación
_bn
_2rdamedia
338 _avolumen
_bnc
_2rdacarrier
490 0 _aAlguara infantil
590 _aInventariado, 2026/VM
650 7 _a Cuentos infantiles franceses
650 7 _aElefantes
_vCuentos infantiles
650 7 _aLibros ilustrados para niños
700 1 _aBrunboff, Jean de
_eilustración
910 _aVMateo V. Control de calidad. BPMSU
942 _2ddc
_cBK
999 _c12025
_d12025